[Event "Mid Bohemia Region-chT 2223"]
[Site "Czech Republic"]
[Date "2023.02.26"]
[Round "9.5"]
[White "Skrivanek, Jan"]
[Black "Vanicek, Lukas"]
[Result "1-0"]
[WhiteElo "2099"]
[BlackElo "1877"]
[PlyCount "55"]
[EventDate "2022.10.09"]
[EventType "team-tourn"]
[EventRounds "11"]
[EventCountry "CZE"]
[SourceTitle "EXT 2024"]
[Source "ChessBase"]
[SourceDate "2023.10.10"]
[SourceVersion "1"]
[SourceVersionDate "2023.10.10"]
[SourceQuality "1"]
[WhiteTeam "Kralupy nad Vltavou"]
[BlackTeam "Bakov nad Jizerou II"]
[WhiteTeamCountry "CZE"]
[BlackTeamCountry "CZE"]

1. e4 e6 2. d4 b6 3. Nc3 Bb7 4. Bd3 Bb4 5. Nge2 Nf6 6. 0-0 Bxc3 7. Nxc3 h6 8. e5 Nd5 9. Qg4 Ne7 10. Ne4 Nf5 11. Nd6+ cxd6 12. Bxf5 g5 13. Be4 Bxe4 14. Qxe4 d5 15. Qe3 Nc6 16. b3 Qe7 17. a4 f5 18. Ba3 Qh7 19. Rad1 Rc8 20. c4 dxc4 21. d5 f4 22. Qe2 exd5 23. e6 Qg6 24. Rxd5 dxe6 25. Rfd1 Rd8 26. Rxd8+ Nxd8 27. Qxc4 Qf6 28. Qc7 1-0

[Event "CZE-chT2C 1516"]
[Site "Czech Republic"]
[Date "2015.11.08"]
[Round "2.5"]
[White "Skrivanek, Jan"]
[Black "Postupa, Pavel"]
[Result "1-0"]
[WhiteElo "2201"]
[BlackElo "1982"]
[PlyCount "47"]
[EventDate "2015.10.18"]
[EventType "team-tourn"]
[EventRounds "11"]
[EventCountry "CZE"]
[SourceTitle "EXT 2022"]
[Source "ChessBase"]
[SourceDate "2021.10.06"]
[SourceVersion "1"]
[SourceVersionDate "2021.10.06"]
[SourceQuality "1"]
[WhiteTeam "Praha Dopravni podnik II"]
[BlackTeam "Lysa nad Labem IV"]
[WhiteTeamCountry "CZE"]
[BlackTeamCountry "CZE"]

1. e4 c5 2. c3 Nf6 3. e5 Nd5 4. d4 cxd4 5. Nf3 Nc6 6. Bc4 e6 7. Bxd5 exd5 8. 0-0 d6 9. Bg5 Be7 10. Bxe7 Qxe7 11. exd6 Qxd6 12. Re1+ Be6 13. Nxd4 0-0 14. Nxe6 fxe6 15. Nd2 Rf6 16. Ne4 Qe7 17. Nxf6+ Qxf6 18. Qe2 Re8 19. Rad1 Re7 20. Rd3 g6 21. b4 b6 22. b5 Na5 23. Rxd5 Qxc3 24. Re5 1-0

[Event "Rakovnik Regional-chT 1415"]
[Site "Rakovnik"]
[Date "2014.12.07"]
[Round "4.1"]
[White "Skrivanek, Jan"]
[Black "Meduna, Eduard"]
[Result "1/2-1/2"]
[WhiteElo "2160"]
[BlackElo "2370"]
[PlyCount "43"]
[EventDate "2014.10.19"]
[EventType "team-tourn"]
[EventRounds "11"]
[EventCountry "CZE"]
[SourceTitle "EXT 2016"]
[Source "ChessBase"]
[SourceDate "2015.10.08"]
[SourceVersion "1"]
[SourceVersionDate "2015.10.08"]
[SourceQuality "1"]
[WhiteTeam "Kralupy nad Vltavou"]
[BlackTeam "Lysa nad Labem IV"]
[WhiteTeamCountry "CZE"]
[BlackTeamCountry "CZE"]

1. e4 c6 2. d4 d5 3. exd5 cxd5 4. c4 Nf6 5. Nc3 e6 6. Nf3 Be7 7. cxd5 Nxd5 8. Bd3 Nc6 9. 0-0 0-0 10. Re1 Bf6 11. Ne4 Bxd4 12. Nxd4 Nxd4 13. Bg5 f6 14. Be3 Nxe3 15. Rxe3 e5 16. Nc5 b6 17. Qh5 f5 18. Bc4+ Kh8 19. Nd3 Qe8 20. Qxe8 Rxe8 21. Nxe5 Be6 22. Bxe6 1/2-1/2

[Event "CZE-chT2B 1112"]
[Site "Czech Republic"]
[Date "2011.12.04"]
[Round "4.7"]
[White "Misicko, Jan"]
[Black "Skrivanek, Jan"]
[Result "0-1"]
[WhiteElo "2058"]
[BlackElo "2117"]
[PlyCount "116"]
[EventDate "2011.10.09"]
[EventType "team-tourn"]
[EventRounds "11"]
[EventCountry "CZE"]
[SourceTitle "EXT 2013"]
[Source "ChessBase"]
[SourceDate "2012.11.22"]
[SourceVersion "1"]
[SourceVersionDate "2012.11.22"]
[SourceQuality "1"]
[WhiteTeam "Kladno"]
[BlackTeam "Kralupy nad Vltavou"]
[WhiteTeamCountry "CZE"]
[BlackTeamCountry "CZE"]

1. c4 b6 2. Nc3 Bb7 3. e4 e5 4. d3 Nc6 5. g3 f5 6. Bg2 Bb4 7. exf5 Qf6 8. Qh5+ g6 9. fxg6 hxg6 10. Qg5 0-0-0 11. Nge2 Nd4 12. Bxb7+ Kxb7 13. Qxf6 Nxf6 14. Kf1 Ng4 15. Kg2 Rdf8 16. f4 Bxc3 17. Nxc3 g5 18. Nd5 c6 19. h3 gxf4 20. gxf4 cxd5 21. hxg4 Rxh1 22. Kxh1 exf4 23. Bd2 dxc4 24. dxc4 f3 25. Kg1 Rg8 26. g5 Ne6 27. Kf2 Nxg5 28. Bxg5 Rxg5 29. Kxf3 Re5 30. Rd1 Kc6 31. Rd2 a5 32. Re2 Rh5 33. Ke4 Kc5 34. Rc2 Rh4+ 35. Kd3 Rd4+ 36. Ke3 Rxc4 37. Rh2 Rg4 38. Kd3 a4 39. Kc3 Rg3+ 40. Kc2 d5 41. Rh4 d4 42. Rh2 Kc4 43. Rf2 b5 44. Rh2 b4 45. Rf2 b3+ 46. axb3+ axb3+ 47. Kd2 Rg1 48. Rf8 Rg2+ 49. Kc1 Rc2+ 50. Kb1 Re2 51. Kc1 Kd3 52. Rf3+ Re3 53. Rf1 Ke2 54. Rh1 Rf3 55. Rh2+ Ke3 56. Rh1 Rf2 57. Rh3+ Ke2 58. Rxb3 d3 0-1

[Event "CZE-chT2B 1112"]
[Site "Czech Republic"]
[Date "2011.11.06"]
[Round "2.7"]
[White "Markovic, Milan2222"]
[Black "Skrivanek, Jan"]
[Result "0-1"]
[WhiteElo "2182"]
[BlackElo "2117"]
[PlyCount "54"]
[EventDate "2011.10.09"]
[EventType "team-tourn"]
[EventRounds "11"]
[EventCountry "CZE"]
[SourceTitle "EXT 2013"]
[Source "ChessBase"]
[SourceDate "2012.11.22"]
[SourceVersion "1"]
[SourceVersionDate "2012.11.22"]
[SourceQuality "1"]
[WhiteTeam "Vrsovice"]
[BlackTeam "Kralupy nad Vltavou"]
[WhiteTeamCountry "CZE"]
[BlackTeamCountry "CZE"]

1. e4 c5 2. Nf3 e6 3. d4 cxd4 4. Nxd4 a6 5. Bd3 Qc7 6. 0-0 Nf6 7. c4 h5 8. Qe2 Bc5 9. Nc2 Nc6 10. Nc3 Ng4 11. g3 Nce5 12. Bf4 g5 13. Bxe5 Qxe5 14. Qf3 Rh6 15. Ne3 Qh8 16. Nxg4 hxg4 17. Qg2 b5 18. Be2 Bb7 19. Bxg4 f5 20. Be2 Ke7 21. Nd5+ exd5 22. exf5 Rf8 23. Bg4 Qd4 24. cxd5 Qxd5 25. Qxd5 Bxd5 26. Rad1 Bc6 27. a3 Rfh8 0-1

[Event "Tabor op"]
[Site "Tabor"]
[Date "2011.08.05"]
[Round "7"]
[White "Skrivanek, Jan"]
[Black "Mudrak, Josef"]
[Result "0-1"]
[WhiteElo "2110"]
[BlackElo "2362"]
[PlyCount "68"]
[EventDate "2011.07.31"]
[EventType "swiss"]
[EventRounds "9"]
[EventCountry "CZE"]
[SourceTitle "CBM 143 Extra"]
[Source "ChessBase"]
[SourceDate "2011.08.29"]
[SourceVersion "1"]
[SourceVersionDate "2011.08.29"]
[SourceQuality "1"]

1. e4 e5 2. Nf3 d6 3. d4 exd4 4. Bc4 Nf6 5. 0-0 Be7 6. Nxd4 Nxe4 7. Re1 d5 8. Bd3 0-0 9. Nc3 Bf6 10. Nxe4 dxe4 11. Rxe4 c5 12. Nb5 Bf5 13. Qf3 Bxe4 14. Qxe4 g6 15. Bh6 Bg7 16. Qxb7 Nd7 17. Bxg7 Kxg7 18. Nxa7 Rb8 19. Qd5 Rxb2 20. Bb5 Nf6 21. Qxc5 Qd2 22. Bd3 Re8 23. h3 Rxa2 24. Rf1 Ra8 25. Nc6 Ra1 26. Qc4 R8a4 27. Qb3 Rxf1+ 28. Bxf1 Ra1 29. Qc4 Rc1 30. Ne5 Qd5 31. Qe2 Qe4 32. Qb5 Rxc2 33. Nxf7 Kxf7 34. Bd3 Rc1+ 0-1

[Event "Tabor op"]
[Site "Tabor"]
[Date "2011.08.01"]
[Round "2"]
[White "Skrivanek, Jan"]
[Black "Talla, Vladimir"]
[Result "1/2-1/2"]
[WhiteElo "2110"]
[BlackElo "2427"]
[PlyCount "82"]
[EventDate "2011.07.31"]
[EventType "swiss"]
[EventRounds "9"]
[EventCountry "CZE"]
[SourceTitle "CBM 143 Extra"]
[Source "ChessBase"]
[SourceDate "2011.08.29"]
[SourceVersion "1"]
[SourceVersionDate "2011.08.29"]
[SourceQuality "1"]

1. e4 e5 2. Nf3 Nc6 3. d4 exd4 4. c3 d5 5. exd5 Qxd5 6. cxd4 Bg4 7. Be2 Bb4+ 8. Nc3 Bxf3 9. Bxf3 Qc4 10. Qb3 Qxb3 11. axb3 Nge7 12. 0-0 0-0-0 13. Be3 a6 14. Rfd1 Rhe8 15. Ra4 Bd6 16. g3 Kb8 17. Kg2 Nf5 18. Bxc6 bxc6 19. Kf3 Kb7 20. Rda1 Ra8 21. Ne4 Ne7 22. Bf4 Red8 23. Bxd6 cxd6 24. Rb4+ Kc7 25. Rba4 Rdb8 26. Rxa6 Rxb3+ 27. Kg2 Rxa6 28. Rxa6 Nc8 29. Ng5 h6 30. Nxf7 Rb4 31. g4 Rxd4 32. Kg3 Rb4 33. g5 h5 34. f4 g6 35. Ra3 Kd7 36. Rd3 Ne7 37. Rxd6+ Ke8 38. Rf6 Rb3+ 39. Kf2 Rxb2+ 40. Kf3 Rb3+ 41. Ke4 Nd5 1/2-1/2

[Event "Ricany op"]
[Site "Ricany"]
[Date "2009.08.25"]
[Round "5"]
[White "Skrivanek, Jan"]
[Black "Fiala, Jan"]
[Result "1-0"]
[WhiteElo "2136"]
[BlackElo "1772"]
[PlyCount "61"]
[EventDate "2009.08.22"]
[EventType "swiss"]
[EventRounds "9"]
[EventCountry "CZE"]
[SourceTitle "CBM 131 Extra"]
[Source "ChessBase"]
[SourceDate "2009.09.03"]
[SourceVersion "2"]
[SourceVersionDate "2009.09.16"]
[SourceQuality "1"]

1. d4 Nf6 2. c4 d5 3. Nf3 e6 4. g3 c5 5. cxd5 Nxd5 6. Bg2 cxd4 7. 0-0 Be7 8. Nxd4 0-0 9. Nc3 Nxc3 10. bxc3 Nd7 11. Qc2 Rb8 12. Rd1 Qa5 13. Rb1 a6 14. Be3 Qc7 15. h4 Nf6 16. Nf3 Nd5 17. Bd4 Bf6 18. Ng5 Bxg5 19. hxg5 b5 20. Be4 f5 21. Bxd5 exd5 22. f4 Rb7 23. Qd3 Be6 24. Kf2 Qc4 25. Qf3 Re8 26. Rh1 Bf7 27. Rb2 Re4 28. e3 Qc8 29. Kg1 g6 30. Rxh7 Kxh7 31. Rh2+ 1-0

[Event "Pula op"]
[Site "Pula"]
[Date "2007.06.25"]
[Round "3"]
[White "Nikolov, Sasho"]
[Black "Skrivanek, Jan"]
[Result "1-0"]
[WhiteElo "2378"]
[BlackElo "2163"]
[PlyCount "121"]
[EventDate "2007.06.23"]
[EventType "swiss"]
[EventRounds "9"]
[EventCountry "CRO"]
[SourceTitle "CBM 119 Extra"]
[Source "ChessBase"]
[SourceDate "2007.09.04"]
[SourceVersion "1"]
[SourceVersionDate "2007.09.04"]
[SourceQuality "1"]

1. d4 Nf6 2. c4 b6 3. Nc3 Bb7 4. f3 d5 5. cxd5 Nxd5 6. e4 Nxc3 7. bxc3 e5 8. Be3 exd4 9. cxd4 Bb4+ 10. Kf2 0-0 11. Ne2 Nd7 12. Ng3 c5 13. Nf5 Qf6 14. Rc1 Rfd8 15. h4 h6 16. d5 Ne5 17. g4 Ng6 18. f4 Re8 19. g5 Qb2+ 20. Rc2 Qa3 21. Qa1 f6 22. gxf6 Rf8 23. fxg7 Rxf5 24. exf5 Ne7 25. Qf6 Qxe3+ 26. Kxe3 Nxd5+ 27. Kf2 Nxf6 28. Bc4+ Kxg7 29. Rg1+ Kh7 30. Rg6 Rf8 31. Kg1 Be4 32. Re2 Bxf5 33. Rg3 Re8 34. Re5 Rxe5 35. fxe5 Ne4 36. Rf3 Kg6 37. Bb5 Be6 38. Bd3 Bd5 39. Rf4 Bc3 40. Bxe4+ Bxe4 41. h5+ Kg7 42. Rxe4 Kf7 43. e6+ Ke7 44. Kf2 Bf6 45. Ke3 b5 46. Kd3 c4+ 47. Kc2 a6 48. Re3 a5 49. Re4 c3 50. Re1 Kd6 51. Kb3 Ke7 52. Re2 Kd6 53. e7 Bxe7 54. Kxc3 Bf6+ 55. Kd3 Bg5 56. Re8 a4 57. Rg8 Bc1 58. Rg1 Bb2 59. Rg6+ Kc5 60. Rxh6 Kb4 61. Rb6 1-0

[Event "Czechia KP-chTA 0607"]
[Site "Czech Republic"]
[Date "2007.03.04"]
[Round "9.1"]
[White "Satransky, Jaroslav"]
[Black "Skrivanek, Jan"]
[Result "1-0"]
[WhiteElo "2206"]
[BlackElo "2228"]
[PlyCount "97"]
[EventDate "2006.10.29"]
[EventType "team"]
[EventRounds "11"]
[EventCountry "CZE"]
[SourceTitle "EXT 2008"]
[Source "ChessBase"]
[SourceDate "2007.11.25"]
[SourceVersion "1"]
[SourceVersionDate "2007.11.25"]
[SourceQuality "1"]
[WhiteTeam "Kladno"]
[BlackTeam "Kralupy nad Vltavou"]
[WhiteTeamCountry "CZE"]
[BlackTeamCountry "CZE"]

1. e4 Nf6 2. Nc3 d5 3. e5 d4 4. exf6 dxc3 5. fxg7 cxd2+ 6. Bxd2 Bxg7 7. Qf3 Nd7 8. Rd1 c6 9. Bc3 Bxc3+ 10. Qxc3 Rg8 11. g3 Qc7 12. Bd3 Nf6 13. Ne2 Bg4 14. Bc4 Nd7 15. f3 Bf5 16. Nf4 Qe5+ 17. Kd2 0-0-0 18. Nd3 Bxd3 19. Bxd3 Qh5 20. Kc1 Qxf3 21. Kb1 Qh5 22. Rdf1 e6 23. Qa3 a6 24. Qe7 Ne5 25. Be4 Rd4 26. Re1 Rgd8 27. a3 Nc4 28. Bd3 Nd2+ 29. Ka1 Nf3 30. Be2 Qd5 31. Rd1 Qf5 32. Rdf1 Qg5 33. Qxf7 Nd2 34. Qxe6+ Kb8 35. Rf5 Qg7 36. Bd3 R4d6 37. Qe5 Qc7 38. Qc3 c5 39. Rxc5 Qb6 40. b4 Nf3 41. Bxh7 Nd4 42. Bf5 Nb5 43. Rc8+ Ka7 44. Qc5 Rxc8 45. Bxc8 Qxc5 46. bxc5 Rc6 47. Bd7 Rxc5 48. Bxb5 axb5 49. Kb2 1-0

[Event "CZE-chT3A Middle 0506  "]
[Site "Czech Republic"]
[Date "2006.02.05"]
[Round "7.1"]
[White "Hosticka, Frantisek"]
[Black "Skrivanek, Jan"]
[Result "0-1"]
[WhiteElo "2188"]
[BlackElo "2194"]
[PlyCount "64"]
[EventDate "2005.10.30"]
[EventType "team"]
[EventRounds "11"]
[EventCountry "CZE"]
[SourceTitle "EXT 2009"]
[Source "ChessBase"]
[SourceDate "2008.11.26"]
[SourceVersion "1"]
[SourceVersionDate "2008.11.26"]
[SourceQuality "1"]

1. e4 c5 2. Nf3 e6 3. b3 a6 4. Bb2 Nc6 5. g3 d5 6. exd5 exd5 7. Bg2 Nf6 8. 0-0 Be7 9. h3 0-0 10. d4 Bf5 11. Nc3 Re8 12. Re1 Ne4 13. dxc5 Bxc5 14. Nxe4 dxe4 15. Qxd8 Raxd8 16. Nh4 e3 17. fxe3 Rxe3 18. Kh2 Bxc2 19. Rxe3 Bxe3 20. Re1 Bb6 21. Bc3 f6 22. Re6 Kf7 23. Re2 Bb1 24. Be4 Bxe4 25. Rxe4 Rd3 26. Rc4 Bc7 27. Nf5 g6 28. Nh6+ Ke6 29. Be1 f5 30. Kg2 Bb6 31. g4 f4 32. Rxf4 Be3 0-1

[Event "Klatovy op-A"]
[Site "Klatovy"]
[Date "2002.??.??"]
[Round "?"]
[White "Pastva, Tomas"]
[Black "Skrivanek, Jan"]
[Result "0-1"]
[WhiteElo "1865"]
[BlackElo "2125"]
[PlyCount "104"]
[EventDate "2002.??.??"]
[EventType "swiss"]
[EventRounds "9"]
[EventCountry "CZE"]
[SourceTitle "EXT 2005"]
[Source "ChessBase"]
[SourceDate "2004.11.15"]
[SourceVersion "1"]
[SourceVersionDate "2004.11.15"]
[SourceQuality "1"]

1. e4 e6 2. d4 c5 3. Nf3 cxd4 4. Nxd4 Nf6 5. Bd3 Qb6 6. Nb3 Qc7 7. Be3 Nc6 8. 0-0 d5 9. exd5 Nxd5 10. Re1 Bd6 11. Qh5 Ncb4 12. Nc3 Nxc3 13. bxc3 Nxd3 14. cxd3 0-0 15. c4 Bd7 16. Bc5 Rac8 17. Bxd6 Qxd6 18. Re3 Bc6 19. Rb1 b6 20. Qe2 Rfd8 21. h3 Bb7 22. Rg3 e5 23. Nd2 f6 24. Ne4 Qe7 25. Nc3 Qd7 26. Ne4 Kh8 27. Rc1 Qd4 28. Qg4 Rc7 29. Qf5 Bxe4 30. Qxe4 Qxe4 31. dxe4 Rd4 32. Rgc3 Rxe4 33. a4 Rc5 34. Rd1 h5 35. Rd7 h4 36. Rxa7 Rcxc4 37. Rxc4 Rxc4 38. Ra6 Rb4 39. a5 bxa5 40. Rxa5 Kh7 41. Ra2 Kh6 42. f3 Kg5 43. Kf2 Kf4 44. Re2 f5 45. Rc2 Rd4 46. Ra2 e4 47. fxe4 fxe4 48. Ke2 g5 49. Ra8 Rb4 50. Rf8+ Kg3 51. Rg8 Rb5 52. Ke3 Kxg2 0-1

[Event "Klatovy op-A"]
[Site "Klatovy"]
[Date "2002.??.??"]
[Round "?"]
[White "Skrivanek, Jan"]
[Black "Priborsky, Jan"]
[Result "1/2-1/2"]
[WhiteElo "2125"]
[BlackElo "2010"]
[PlyCount "114"]
[EventDate "2002.??.??"]
[EventType "swiss"]
[EventRounds "9"]
[EventCountry "CZE"]
[SourceTitle "EXT 2005"]
[Source "ChessBase"]
[SourceDate "2004.11.15"]
[SourceVersion "1"]
[SourceVersionDate "2004.11.15"]
[SourceQuality "1"]

1. Nf3 Nf6 2. g3 g6 3. Bg2 Bg7 4. c4 0-0 5. 0-0 d6 6. Nc3 e5 7. d3 Nc6 8. Rb1 a5 9. a3 h6 10. b4 axb4 11. axb4 Be6 12. Bd2 Qd7 13. Qc1 Kh7 14. Rd1 Nh5 15. b5 Ne7 16. Ne1 c6 17. bxc6 bxc6 18. Qc2 Nf6 19. c5 d5 20. Na4 Rab8 21. Nb6 Qe8 22. f4 Nd7 23. fxe5 Bxe5 24. Nf3 Bc7 25. Nxd7 Qxd7 26. Rxb8 Rxb8 27. Ra1 Bg4 28. Ra7 Bxf3 29. Bxf3 Rc8 30. Qb2 Qe6 31. Qb7 Bd8 32. Bf4 Kg8 33. Bxh6 Rc7 34. Qb8 Rxa7 35. Qxa7 Nf5 36. Qa8 Qe7 37. Bd2 Kh7 38. Kg2 Qd7 39. Bc3 Ne3+ 40. Kg1 Qh3 41. Qa1 Bg5 42. Bd4 Nc2 43. Qb2 Nxd4 44. Qxd4 Qe6 45. Kg2 Qe3 46. Qb4 Be7 47. d4 Bf6 48. Qb7 Kg7 49. Qxc6 Bxd4 50. Qxd5 Bxc5 51. h4 Qd4 52. Qg5 Qf2+ 53. Kh3 Qe3 54. Qg4 Qe6 55. Qxe6 fxe6 56. g4 g5 57. h5 e5 1/2-1/2

[Event "Klatovy op-A"]
[Site "Klatovy"]
[Date "2002.??.??"]
[Round "?"]
[White "Skrivanek, Jan"]
[Black "Sindelar, Pavel"]
[Result "1-0"]
[WhiteElo "2125"]
[BlackElo "2010"]
[PlyCount "85"]
[EventDate "2002.??.??"]
[EventType "swiss"]
[EventRounds "9"]
[EventCountry "CZE"]
[SourceTitle "EXT 2005"]
[Source "ChessBase"]
[SourceDate "2004.11.15"]
[SourceVersion "1"]
[SourceVersionDate "2004.11.15"]
[SourceQuality "1"]

1. Nf3 c5 2. g3 g6 3. d4 cxd4 4. Nxd4 Nc6 5. Bg2 Bg7 6. Nb3 d6 7. Nc3 Nf6 8. h3 0-0 9. 0-0 Ne8 10. e4 e5 11. Be3 Be6 12. Nd5 Nc7 13. c4 b6 14. Qd2 Rb8 15. Rad1 Bxd5 16. exd5 Ne7 17. f4 Nf5 18. Bf2 exf4 19. gxf4 Ne8 20. Be4 Qd7 21. Qd3 Nh6 22. Nd4 f5 23. Bg2 Bxd4 24. Bxd4 Rf7 25. Rfe1 Re7 26. Bc3 Kf7 27. Qd4 Ng8 28. Re6 Kf8 29. Rde1 Rxe6 30. Rxe6 Rb7 31. b4 Qd8 32. Kh2 Re7 33. c5 Rxe6 34. dxe6 Qc7 35. cxb6 axb6 36. a4 Ngf6 37. a5 bxa5 38. bxa5 d5 39. a6 Ne4 40. Bb4+ Kg8 41. Qe5 Qc2 42. Qb8 Kg7 43. Qxe8 1-0

[Event "Klatovy op-A"]
[Site "Klatovy"]
[Date "2002.??.??"]
[Round "?"]
[White "Skrivanek, Jan"]
[Black "Vitek, Vaclav"]
[Result "0-1"]
[WhiteElo "2125"]
[BlackElo "1950"]
[PlyCount "82"]
[EventDate "2002.??.??"]
[EventType "swiss"]
[EventRounds "9"]
[EventCountry "CZE"]
[SourceTitle "EXT 2005"]
[Source "ChessBase"]
[SourceDate "2004.11.15"]
[SourceVersion "1"]
[SourceVersionDate "2004.11.15"]
[SourceQuality "1"]

1. Nf3 Nf6 2. g3 d5 3. Bg2 c6 4. c4 d4 5. 0-0 g6 6. b4 Bg4 7. d3 Bg7 8. Nbd2 0-0 9. Bb2 Ne8 10. Qb3 e5 11. Rfe1 Nd7 12. e3 c5 13. h3 Be6 14. Ne4 b6 15. exd4 exd4 16. Neg5 Nc7 17. b5 a5 18. bxa6 Rxa6 19. Bc1 h6 20. Nxe6 Nxe6 21. Kh2 Qc7 22. Ng1 Kh7 23. Ne2 Be5 24. Bd5 Bd6 25. Qc2 Re8 26. Qd2 Bf8 27. Nf4 Ne5 28. Nxe6 fxe6 29. Be4 Bg7 30. Qe2 Qf7 31. h4 Kg8 32. Bf4 Rf8 33. Kg2 Ra3 34. Rab1 Nxd3 35. Bxd3 e5 36. Bxe5 Bxe5 37. f4 Bc7 38. Be4 Rxg3+ 39. Kh2 Qxf4 40. Bd5+ Kh8 41. Qe4 Rg2+ 0-1

[Event "Tatry op"]
[Site "Tatranske Zruby"]
[Date "2001.09.30"]
[Round "2"]
[White "Skrivanek, Jan"]
[Black "Julenyi, Frantisek"]
[Result "1-0"]
[WhiteElo "2212"]
[BlackElo "2081"]
[PlyCount "88"]
[EventDate "2001.09.29"]
[EventType "swiss"]
[EventRounds "9"]
[EventCountry "SVK"]
[SourceTitle "CBM 084 Extra"]
[Source "ChessBase"]
[SourceDate "2001.10.26"]
[SourceVersion "1"]
[SourceVersionDate "2001.10.26"]
[SourceQuality "1"]

1. e4 c5 2. Nc3 e6 3. g3 d5 4. Bg2 d4 5. Nce2 Nc6 6. d3 e5 7. f4 f6 8. h3 Be6 9. Nf3 Bd6 10. c3 Nge7 11. 0-0 Qd7 12. cxd4 cxd4 13. f5 Bf7 14. Bd2 g5 15. Ne1 h5 16. a3 a5 17. Nc2 a4 18. Nc1 Na5 19. Bb4 Nb3 20. Nxb3 Bxb3 21. Qd2 h4 22. g4 Bxc2 23. Qxc2 Bxb4 24. axb4 Qb5 25. b3 a3 26. Qc4 Qxc4 27. bxc4 Nc6 28. Rfb1 Ra4 29. b5 Nb4 30. Bf1 Kd7 31. Be2 Nc2 32. Bd1 Nxa1 33. Bxa4 Ra8 34. Bd1 Kd6 35. Rxa1 Kc5 36. Ra2 Kb4 37. Kf2 b6 38. Ke2 Kc3 39. Bc2 Ra5 40. Bb1 Ra4 41. Rc2+ Kb4 42. Kd2 Kc5 43. Ba2 Kb4 44. c5 Kxb5 1-0

[Event "CZE-chT2 9899"]
[Site "Czech Republic"]
[Date "1999.??.??"]
[Round "?"]
[White "Skrivanek, Jan"]
[Black "Efler, David"]
[Result "1/2-1/2"]
[WhiteElo "2225"]
[BlackElo "2185"]
[PlyCount "57"]
[EventDate "1998.??.??"]
[EventType "team"]
[EventRounds "11"]
[EventCountry "CZE"]
[SourceTitle "EXT 2000"]
[Source "ChessBase"]
[SourceDate "1999.11.16"]
[SourceVersion "1"]
[SourceVersionDate "1999.11.16"]
[SourceQuality "1"]

1. e4 c5 2. Nc3 Nc6 3. g3 g6 4. Bg2 Bg7 5. d3 Rb8 6. Be3 d6 7. Qd2 Bd7 8. Nge2 b5 9. 0-0 Nd4 10. Nf4 Nf6 11. f3 0-0 12. Nfd5 Nxd5 13. Nxd5 e6 14. Nf4 b4 15. Nh3 Re8 16. Bg5 Qb6 17. Bh6 Bh8 18. f4 c4 19. Kh1 cxd3 20. cxd3 Rec8 21. f5 exf5 22. g4 Rc2 23. Qg5 Qd8 24. Qe3 Qh4 25. gxf5 Re2 26. fxg6 hxg6 27. Qg5 Qxg5 28. Nxg5 f6 29. Nf3 1/2-1/2

[Event "CZE-chT2 9899"]
[Site "Czech Republic"]
[Date "1999.??.??"]
[Round "?"]
[White "Skrivanek, Jan"]
[Black "Vojta, Tomas"]
[Result "0-1"]
[WhiteElo "2225"]
[BlackElo "2195"]
[PlyCount "58"]
[EventDate "1998.??.??"]
[EventType "team"]
[EventRounds "11"]
[EventCountry "CZE"]
[SourceTitle "EXT 2000"]
[Source "ChessBase"]
[SourceDate "1999.11.16"]
[SourceVersion "1"]
[SourceVersionDate "1999.11.16"]
[SourceQuality "1"]

1. e4 c6 2. c4 d5 3. exd5 cxd5 4. cxd5 Nf6 5. Bb5+ Bd7 6. Bc4 Qc7 7. Na3 Nxd5 8. Qb3 e6 9. Nf3 Nb6 10. d4 Bxa3 11. Bg5 Bd6 12. Rc1 Nxc4 13. Rxc4 Qb6 14. Qc3 Nc6 15. d5 Bb4 16. Rxb4 Qxb4 17. dxc6 Qxc3+ 18. bxc3 Bxc6 19. Ke2 f6 20. Bc1 Kf7 21. Ba3 Rhd8 22. Rb1 Rd7 23. Nd4 Bxg2 24. f3 Bh3 25. Nb5 Rad8 26. Nxa7 Rd2+ 27. Ke3 R8d3+ 28. Kf4 Rf2 29. Rxb7+ Kg6 0-1

[Event "Chigorin Memorial 06th"]
[Site "St Petersburg"]
[Date "1998.11.01"]
[Round "2"]
[White "Skrivanek, Jan"]
[Black "Potkin, Vladimir"]
[Result "0-1"]
[WhiteElo "2235"]
[BlackElo "2300"]
[PlyCount "64"]
[EventDate "1998.10.31"]
[EventType "swiss"]
[EventRounds "9"]
[EventCountry "RUS"]
[SourceTitle "CBM 067 Extra"]
[Source "ChessBase"]
[SourceDate "1999.01.01"]
[SourceVersion "1"]
[SourceVersionDate "1999.01.01"]
[SourceQuality "1"]

1. e4 e6 2. d3 d5 3. Nd2 Nf6 4. Ngf3 c5 5. g3 Nc6 6. Bg2 Be7 7. 0-0 0-0 8. e5 Nd7 9. Re1 b5 10. h4 a5 11. Qe2 b4 12. c4 bxc3 13. bxc3 Ba6 14. Nf1 Rb8 15. Bf4 a4 16. Ne3 a3 17. Rab1 Qa5 18. c4 Nd4 19. Nxd4 cxd4 20. Rxb8 Rxb8 21. Nxd5 Rb2 22. Nxe7+ Kf8 23. Qf1 Kxe7 24. Bg5+ Kf8 25. Re2 Qc3 26. Bc1 Rxe2 27. Bxa3+ Qxa3 28. Qxe2 Nc5 29. Be4 Qc1+ 30. Kg2 Qb1 31. f3 Bb7 32. Bxb7 Qxb7 0-1